000 00876cam a22002651 4500
001 3663
003 BD-RjUL
005 20211208233751.0
008 131219s1946 nyua 001 0 eng
035 _a(OCoLC)1651009
_a(BD-RjUL)3697
040 _aDLC
_cFM
_dOCoLC
_dDLC
_dBD-RjUL
_beng
041 _aeng
082 _a658.01
_bHYF
100 1 _aHyde, George Gaynor,
_d1898-
_911620
245 0 0 _aFundamentals of successful manufacturing,
_cby George Gaynor Hyde ...
260 _aNew York ;
_aLondon :
_cMcGraw-Hill Book Company, inc.,
_cc1946.
300 _axii p., 1 l., 201 p. :
_billus., diagrs.;
_c23 cm.
490 0 _aMcGraw-Hill industrial organization and management series
650 0 _aIndustrial organization.
_96101
650 0 _aFactory management.
_99511
740 0 _aSuccessful manufacturing.
942 _2ddc
_cBK
999 _c3663
_d3663